TV Shows Set in Florida - Statistics

General Stats
  • This quiz has been taken 65 times
  • The average score is 5 of 10
Answer Stats
Years Stars TV Show % Correct
1984-1990 Don Johnson, Phillip Michael Thomas Miami Vice
87%
1985-1992 Bea Arthur, Betty White, Rue McClanahan Golden Girls
85%
2002-2012 David Caruso, Adam Rodriguez, Emily Procter CSI: Miami
64%
1964-1967 Brian Kelly, Luke Halpin, the title Dolphin Flipper
60%
1965-1970 Larry Hagman, Barbara Eden I Dream of Jeannie
53%
2006-2013 Michael C Hall, Jennifer Carpenter. David Zayas Dexter
47%
1988-1995 Richard Mulligan, Kristy McNichol, Dinah Manoff Empty Nest
32%
1958-1961 Lloyd Bridges Sea Hunt
15%
1960-1962 Troy Donahue, Van Williams Surfside 6
9%
2010-2013 Matt Pasmore, Kiele Sanchez The Glades
9%
No matching quizzes found
Score Distribution
Percent of People with Each Score
Percentile by Number Answered
Your Score History
You have not taken this quiz